| 000 | 003750000a22001570004500 | ||
|---|---|---|---|
| 001 | 004460 | ||
| 003 | MACL | ||
| 040 | _aMACL | ||
| 090 |
_c16453 _d16452 |
||
| 100 | _aBallantyne, James R. | ||
| 245 |
_aThe Sankhya Aphorisms Of Kapila _cJames R. Ballantyne |
||
| 260 |
_aMunshiram manoharlal Publishers, _c2003 |
||
| 350 | _a400 | ||
| 650 | _aPhilosophy | ||
| 942 |
_k181 _cBook |
||
| 999 |
_c16349 _d16349 |
||